000 00366nam a2200157Ia 4500
003 OSt
005 20240329153454.0
008 170524s9999 xx 000 0 und d
020 _a978-0471546320
040 _ciimtu meerut
100 _aMartinich.J.S
100 _c2002
245 0 _aProduction and Operations Management
260 _aWSE Willey
942 _2ddc
_c02
999 _c2274
_d2274